Представление документа в формате RUSMARC

ПолеНазваниеЗначение
  Тип записи a
  Библиографический уровень m
001 Контрольный номер RU/SLIB/B/208710046
005 Дата корректировки 20241023145358.7
010 Индекс ISBN __
d Цена 9-00
101 Язык документа 0_
a Язык текста rus
c Язык оригинала rus
200 Заглавие и сведения об ответственности 1_
a Заглавие Философия искусства. Эзотерические традиции
e Сведения, относящиеся к заглавию учеб. пособие
f Первые сведения об ответственности Т. М. Новикова
b Общее обозначение материала Текст
210 Выходные данные 1_
a Место издания М.
c Издательство Изд-во МАИ
d Дата издания 1996
215 Физическое описание __
a Объем 72 с.
c Иллюстрации/тип воспроизводства ил.
320 Библиография __
a Библиография Библиогр.: с. 71-72
327 Примечание о содержании 0_
a Примечание о содержании Эзотерические традиции
606 Тематические рубрики __
a Основная рубрика Изобразительное искусство и архитектура
a Основная рубрика Эстетика
a Основная рубрика Живопись в целом
a Основная рубрика Общие вопросы эстетики
610 Ключевые слова 0_
a Ключевые слова философы; импрессионизм; русский авангард; символизм; познание; эзотерика; художники-передвижники
686 Индексы других классификаций __
2 Код системы rubbks
a Классификационный индекс 87.8я73
686 Индексы других классификаций __
a Классификационный индекс 85.14я73
700 Автор _1
a Фамилия Новикова
b Имя Т. М.
4 Код отношения 070
801 Источник записи _0
a Страна RU
b Организация Муниципальное бюджетное учреждение культуры "Централизованная библиотечная система" г. Сургут (Центральная городская библиотека им. А. С. Пушкина)
g Правила каталогизации ОБ/Бутенко
801 Источник записи _1
a Страна RU
b Организация Муниципальное бюджетное учреждение культуры "Централизованная библиотечная система" г. Сургут (Центральная городская библиотека им. А. С. Пушкина)
g Правила каталогизации ОБ/Бутенко
852 Данные о местонахождении __
j Шифр хранения 87.8я73
c Каталожный индекс 87.8я73; 85.14я73
i Авторский знак Н 73
p Инвентарный номер 76184
901 Тип документа __
t Тип документа m
903 Характеристики (МАРС) __
a Дата передачи 20000621
969 Тип издания __
a Тип издания пособие; учебное пособие
990 Данные о заказе (DOS) 00
j Количество экземпляров (DOS) 2
t N записи в КСУ для И/У (DOS) 200001